| 000 | 00623nab a2200205 a 4500 | ||
|---|---|---|---|
| 005 | 20210219160841.0 | ||
| 008 | 991125s1985 mx 000 0 spa u | ||
| 035 | _aUPN01000173706 | ||
| 100 | 1 | _aGarcía Calixto, Guillermo | |
| 222 | _aEDUCACION 2001 | ||
| 245 | _a¿ Cómo mejorar la propuesta de profesionalización de la alianza por la calidad de la educación | ||
| 260 | _aMéxico | ||
| 300 | _a15-19 | ||
| 362 | 0 | _a2009 No. 165, feb. | |
| 653 | 0 | _aCALIDAD EDUCATIVA | |
| 653 | 0 | _aCOMPETENCIAS PROFESIONALES | |
| 653 | 0 | _aPROFESIONALIZACION DOCENTE | |
| 653 | 0 | _aACTUALIZACION DOCENTE | |
| 905 | _aArticulo | ||
| 999 |
_c145810 _d145810 |
||